000 02605cam a22004694i 4500
003 PE-LiUPU
005 20250731165529.0
008 150623s r 000 0 d
035 _a(Sirsi) a29428
035 _a(Sirsi) a29428
040 _aPE-LiUPU
_bspa
_cPE-LiUPU
_erda
082 0 4 _a291
_bG73
_221
100 1 _aGorse, Maxime,
_eed.,
_eautor.
245 1 0 _aHistorie Generale des religions :
_bChristianisme medieval - reforme protestante - islam extreme orient.
_n4 /
_cMAximo gorce, Raoul Mortier.
264 1 _aBoulevard Saint-Germain-Paris :
_bLibrairie Aristide Quillet,
_c1948.
300 _a555 p :
_bilustraciones, gráficos dbujs. fotos ;
_c30cm.
336 _atext
_2rdacontent
337 _aunmediated
_2rdamedia
338 _avolume
_2rdacarrier
505 0 _aLe christianisme dans le monde féodal. -Histoire du mysticisme du V au XIV siecle. -La religion des théologiens scolastiques. -La religion poétique populaire du moyen age. -collections canonique et primauté romaine. -La crise croissance du catholicisme. -Les origines de la réforme francaise. -L´entrée en scéne de l´humanisme. -L´entrée en scéne du luthéranisme. -Évolution du luthéranisme. -Le calvinisme. -L´expansion du protestantisme. -La contre-réforme catholique. -Saint jean de la croix. -Le Jansénisme. -L´eglise a la fin de l´ancien régime. -La religion et la revolution Francaise. -Le catholicisme antilibéral et le catholicisme libéral. -Les origines prochaines du catholicisme contemporain. -La franc macconerie. -Les religions Arabes préislamiques. -La religion Islamique. -Les religions de l´indochine et de l´insulinde. -Le Tibet. -Asie centrale. -La Chine. -Le Japon. -Notes et références bibliographiques.
526 _aSEG44
526 _aSEG26
526 _aP151
526 _aP150
526 _aP149
526 _aP146
526 _aP145
526 _aP126
526 _aP125
526 _aP92
526 _aP75
526 _aP74
526 _aP27
526 _aP15
700 1 _aMortier, Raoul,
_eed.
942 _2ddc
_cBOOK
949 _aRC 291 G73 4
_wDEWEY
_c1
_i14034
_lRC
_mBUL
_r0
_sY
_tBOOK
_u2015-6-24
_xBIBLIOTECA
_zUNKNOWN
_0COMPRA
_o.CIRCNOTE. No olvidar cambiar la fecha de devolución!!!!!!!
_o.STAFF. Colección General
994 _aC0
_bPEPRU
596 _a1
999 _aRC 291 G73 4
_wDEWEY
_c36783
_i14034
_f2021-11-8
_g7
_lCCODEBUL1
_mBUL
_r1
_sY
_tBOOK
_u2015-6-24
_xTEOLOGIA
_zUNKNOWN
_0COMPRA
_o.CIRCNOTE. No olvidar cambiar la fecha de devolución!!!!!!!
_o.STAFF. Colección General
_d36783
980 _81
_gALBERTO SANCHEZ Responsable de Automatización